History Quiz

Random History or Clickable Quiz
Score 0/45 Timer 10:00
4 Plays Today
% Correct
27 William H. Taft
73.5%
42 Bill Clinton
72.3%
09 William Henry Harrison
71.7%
41 George H.W. Bush
71.4%
38 Gerald R. Ford
71%
46 Joe Biden
70%
37 Richard M. Nixon
66.7%
44 Barack Obama
65.1%
17 Andrew Johnson
63.3%
45 Donald Trump
62.9%
23 Benjamin Harrison
59.6%
40 Ronald Reagan
59.3%
05 James Monroe
58.7%
21 Chester A. Arthur
52%
02 John Adams
50.6%
15 James Buchanan
50.2%
04 James Madison
48.8%
36 Lyndon B. Johnson
40.3%
32 Franklin D. Roosevelt
38%
33 Harry S. Truman
37%
22 and 24 Grover Cleveland
36.7%
26 Theodore Roosevelt
36.7%
08 Martin Van Buren
33.4%
% Correct
29 Warren Harding
32.6%
43 George W. Bush
30.8%
25 William McKinley
30.7%
01 George Washington
30.6%
13 Millard Fillmore
30.4%
07 Andrew Jackson
29.9%
16 Abraham Lincoln
29.3%
30 Calvin Coolidge
28%
34 Dwight D. Eisenhower
27.7%
06 John Quincy Adams
26.6%
10 John Tyler
25.4%
03 Thomas Jefferson
24.7%
19 Rutherford B. Hayes
23.8%
35 John F. Kennedy
23.6%
31 Herbert Hoover
22.8%
39 Jimmy Carter
21.2%
28 Woodrow Wilson
18%
11 James K. Polk
17.8%
18 Ulysses S. Grant
14.4%
20 James A. Garfield
14.3%
12 Zachary Taylor
14%
14 Franklin Pierce
12.5%
Remove Ads.
Support Sporcle.
Get the best of Sporcle when you Go Orange. This ad-free experience offers more features, more stats, and more fun while also helping to support Sporcle. Thank you for becoming a member.

You're not logged in!

Compare scores with friends on all Sporcle quizzes.
OR
Log In

Show Comments

Extras

Top Quizzes Today


Score Distribution

Your Account Isn't Verified!

In order to create a playlist on Sporcle, you need to verify the email address you used during registration. Go to your Sporcle Settings to finish the process.

Report this User

Report this user for behavior that violates our Community Guidelines.

Details: